Digital preservation and metadata : (Record no. 591071)

000 -LEADER
fixed length control field 01409cam a2200325 a 4500
001 - CONTROL NUMBER
control field 12545965
003 - CONTROL NUMBER IDENTIFIER
control field NUST
005 - DATE AND TIME OF LATEST TRANSACTION
control field 20220816151931.0
008 - FIXED-LENGTH DATA ELEMENTS--GENERAL INFORMATION
fixed length control field 010926s2001 cou b 001 0 eng
010 ## - LIBRARY OF CONGRESS CONTROL NUMBER
LC control number 2001050390
020 ## - INTERNATIONAL STANDARD BOOK NUMBER
International Standard Book Number 1563087774 (pbk.)
040 ## - CATALOGING SOURCE
Original cataloging agency DLC
Transcribing agency DLC
Modifying agency DLC
050 00 - LIBRARY OF CONGRESS CALL NUMBER
Classification number Z701.3.C65
Item number L39 2001
082 00 - DEWEY DECIMAL CLASSIFICATION NUMBER
Classification number 651.59
Author Mark LAZ
100 1# - MAIN ENTRY--PERSONAL NAME
Personal name Lazinger, Susan S.
Fuller form of name (Susan Smernoff)
9 (RLIN) 97494
245 10 - TITLE STATEMENT
Title Digital preservation and metadata :
Remainder of title history, theory, practice /
Statement of responsibility, etc. Susan S. Lazinger.
260 ## - PUBLICATION, DISTRIBUTION, ETC.
Place of publication, distribution, etc. Englewood, Colo. :
Name of publisher, distributor, etc. Libraries Unlimited,
Date of publication, distribution, etc. 2001.
300 ## - PHYSICAL DESCRIPTION
Extent xxii, 359 p. ;
Dimensions 24 cm.
500 ## - GENERAL NOTE
General note "With an annotated list of electronic social science data archives and cultural heritage digitization projects and centers by Helen R. Tibbo."
504 ## - BIBLIOGRAPHY, ETC. NOTE
Bibliography, etc. note Includes bibliographical references (p. 307-334) and index.
650 #0 - SUBJECT ADDED ENTRY--TOPICAL TERM
Topical term or geographic name entry element Digital preservation.
9 (RLIN) 97495
650 #0 - SUBJECT ADDED ENTRY--TOPICAL TERM
Topical term or geographic name entry element Electronic publications
General subdivision Conservation and restoration.
9 (RLIN) 97496
650 #0 - SUBJECT ADDED ENTRY--TOPICAL TERM
Topical term or geographic name entry element Electronic records
General subdivision Conservation and restoration.
9 (RLIN) 97497
650 #0 - SUBJECT ADDED ENTRY--TOPICAL TERM
Topical term or geographic name entry element Metadata.
9 (RLIN) 97498
650 #0 - SUBJECT ADDED ENTRY--TOPICAL TERM
Topical term or geographic name entry element Digital libraries.
9 (RLIN) 63192
700 1# - ADDED ENTRY--PERSONAL NAME
Personal name Tibbo, Helen R.
9 (RLIN) 97499
906 ## - LOCAL DATA ELEMENT F, LDF (RLIN)
a 7
b cbc
c orignew
d 1
e ocip
f 20
g y-gencatlg
942 ## - ADDED ENTRY ELEMENTS (KOHA)
Source of classification or shelving scheme
Koha item type Book
Holdings
Withdrawn status Lost status Source of classification or shelving scheme Damaged status Not for loan Permanent Location Current Location Date acquired Total Checkouts Full call number Barcode Date last seen Price effective from Koha item type
          Central Library (CL) Central Library (CL) 08/16/2022   651.59 LAZ CL3478 08/16/2022 08/16/2022 Book
© 2023 Central Library, National University of Sciences and Technology. All Rights Reserved.